000
00243nam a2200097Ia 4500
008
240625s9999 xx 000 0 und d
041
_a
eng
082
_a
808.20 VER
100
_a
VERMA LOVENISH
245
_a
TELE INVESTMENT SERVICES VIA FINANCIAL P
999
_c
38076
_d
38076